Words With a Little Bit Quiz Stats

 Plays Quiz not verified by Sporcle

Support Sporcle.
Go Orange.
Score 0/24 Timer 05:00
0 Plays Today
Hint Answer % Correct
Frodo or BilboHOBBIT
87.5%
Biographical death noticeOBITUARY
83.3%
Curved path of a celestial object around another objectORBIT
83.3%
Hare relativeRABBIT
83.3%
Regular tendency or practiceHABIT
75%
Entry recording an amount owedDEBIT
70.8%
Injury to body tissues caused by exposure to extreme coldFROSTBITE
70.8%
Public display; e.g. at an art gallery or trade fairEXHIBIT
66.7%
Forbid by law or rulePROHIBIT
66.7%
A strong determination to succeedAMBITION
62.5%
Sedative or sleep-inducing drugBARBITURATE
58.3%
Digital picture; not a JPEG or GIFBITMAP
58.3%
Hint Answer % Correct
Archaic unit of length, approx. 45.72 centimetersCUBIT
54.2%
Series of moves at the beginning of a chess game involving the sacrifice of a pieceGAMBIT
54.2%
Unreasonably high priceEXORBITANT
50%
Asphalt; black residue of petroleum distillationBITUMEN
41.7%
Impossible to doubt; unquestionableINDUBITABLE
37.5%
1922 Sinclair Lewis novelBABBITT
37.5%
Based on random choice rather than reason ARBITRARY
33.3%
Large marsh bird of the heron familyBITTERN
33.3%
Ancient Semitic person from land of Ruth (in Bible)MOABITE
25%
Apocryphal book of Catholic and Orthodox ScriptureTOBIT
25%
Offer unwelcome adviceKIBITZ
20.8%
Ancient Roman province in NW Asia MinorBITHYNIA
12.5%

You're not logged in!

Compare scores with friends on all Sporcle quizzes.
OR
Log In

From the Vault

Hangman - Christmas

by PenguinsMeercats

Stockings are usually the main thing you'll find hanging at Christmas.
Remove Ads.
Support Sporcle.
Get the best of Sporcle when you Go Orange. This ad-free experience offers more features, more stats, and more fun while also helping to support Sporcle. Thank you for becoming a member.

Show Comments

Extras

Top Quizzes Today


Score Distribution

Your Account Isn't Verified!

In order to create a playlist on Sporcle, you need to verify the email address you used during registration. Go to your Sporcle Settings to finish the process.

Report this User

Report this user for behavior that violates our Community Guidelines.

Details: